Ivanhoe /

Guardado en:
Autor Principal: Scott, Walter
Formato: Libro
Publicado: España : Aguilar, 1961
Series:Colec. El globo de colores1
Etiquetas: Agregar Etiqueta
Sin Etiquetas, Sea el primero en etiquetar este registro!
LEADER 00413nam a22001575a 4500
001 CEM.cems005915
005 20060214000000.0
008 130507s1961##################000#0#####d
003 CEMS
082 0 4 |a 823.7 
100 1 |a Scott, Walter 
245 1 0 |a Ivanhoe / 
260 |a España :  |b Aguilar,  |c 1961 
300 |a 121 p. 
490 0 |a Colec. El globo de colores1 
859 |a CEMS  |b BIB. CEMS - 11 de abril  |h 823.7  |i Sc86  |p 8679.81  |t Ej.1